000
00297nam a2200097Ia 4500
005
20250424112923.0
008
250424s9999 xx 000 0 und d
300
_a
iv, 84 p. :ill. ; 26 cm.
650
_a
Counseling psychology--Study and teaching. Counseling psychologists--Training of.
942
_c
SR
999
_c
37888
_d
37888